| 000 | 00760nam a2200205 i 4500 | ||
|---|---|---|---|
| 001 | 183400 | ||
| 003 | ES-MaACL | ||
| 005 | 20251213063021.0 | ||
| 008 | 140415s1912 it | |||| ||ita d | ||
| 100 | 1 |
_aCaro, Annibal, _d1507-1566 _9154715 |
|
| 245 | 1 | 0 |
_aOpere. _nI / _cAnnibal Caro ; a cura di Vittorio Turri. |
| 260 |
_aBari : _bGius. Laterza & Figli, _c1912. |
||
| 300 |
_a358 p. ; _c21 cm. |
||
| 490 | 1 |
_aScrittori d'Italia ; _v41 |
|
| 505 | 8 | _aContiene: Apologia de gli academici di Banchi di Roma, contra Messer Lodouico Castelvetro -- Gli straccioni -- Gli amori pastorali di Dafni e di Cloe | |
| 700 | 1 |
_aTurri, Vittorio. _9154716 |
|
| 830 | 0 | 0 |
_aScrittori d'Italia _v41 _9191925 |
| 852 |
_aES-MaACL _jG-3742 |
||
| 999 |
_c183400 _d183400 |
||